Za princípom slasti a iné eseje /
Uložené v:
| Hlavný autor: | |
|---|---|
| Ďalší autori: | , |
| Médium: | Kniha |
| Jazyk: | Slovak German |
| Vydané: |
Bratislava :
Kalligram,
2005.
|
| Vydanie: | 1. vyd. |
| Edícia: | Filozofia do vrecka
|
| Témy: | |
| ISBN: |
8071496790 (brož.) |
| Fyzický popis: |
160 s. ; 18 cm. |
| Tagy: |
Pridať tag
Žiadne tagy, Buďte prvý kto otaguje tento záznam!
|
Titul je dostupný aj v ... 

MARC
| LEADER | 00000nam a2200000 a 4500 | ||
|---|---|---|---|
| 001 | 000009708 | ||
| 005 | 20140113083002.0 | ||
| 008 | 050330s2005 xo e 000 0 slo d | ||
| 020 | |a 8071496790 (brož.) | ||
| 040 | |a SVKKK |b slo |c SVKKK |e AACR2 | ||
| 041 | 1 | |a slo |h ger | |
| 044 | |a xo |c SK | ||
| 072 | 7 | |a 159.9 |x Psychológia |2 konspekt | |
| 080 | |a 159.9.01 |2 2001 | ||
| 080 | |a 159.942.4 |2 2001 | ||
| 080 | |a 159.974 |2 2001 | ||
| 080 | |a (048.8) |2 2001 | ||
| 100 | 1 | |a Freud, Sigmund, |d 1856-1939 | |
| 245 | 1 | 0 | |a Za princípom slasti a iné eseje / |c Sigmund Freud ; [zostavili a z nemeckých originálov preložili Adam Bžoch a Milan Kraus]. |
| 250 | |a 1. vyd. | ||
| 260 | |a Bratislava : |b Kalligram, |c 2005. | ||
| 300 | |a 160 s. ; |c 18 cm. | ||
| 490 | 1 | |a Filozofia do vrecka | |
| 500 | |a Preklad z nem. orig. | ||
| 500 | |a Údaj o prekl. prevzatý z rubu titul. strany | ||
| 500 | |a Poznámky | ||
| 650 | 0 | 7 | |a metafyzická psychológia |2 SVKKKPH |
| 650 | 0 | 7 | |a smútok |2 SVKKKPH |
| 650 | 0 | 7 | |a melanchólia |2 SVKKKPH |
| 655 | 7 | |a štúdie |2 SVKKKPH | |
| 655 | 7 | |a príručky |2 SVKKKPH | |
| 700 | 1 | |a Bžoch, Adam |4 trl | |
| 700 | 1 | |a Krankus, Milan |4 trl |4 aft | |
| 830 | 0 | |a Filozofia do vrecka | |
| 910 | |a svkkk | ||
| 919 | |a 80-7149-679-0 | ||
| 998 | |a BK | ||
| 090 | |g SCKHL |k Sklad Hlavná 10 prízemie |a I.73485 |j 967339 |i 2720034152 |s Vyradená | ||
| 090 | |g SCKHL |k Sklad Hlavná 10 prízemie |a I.81406 |j 1049704 |i 2720293261 |s Absenčne | ||